00537cam a22002051 4500001001300000003000400013005001700017008004100034010001700075035002000092040001900112042001200131050001500143060002000158100003100178245004600209260004600255300001300301999001700314med47001280 DLC20260227111602.0810725m19479999xx a 000 0 fre  amed47001280  a(OCoLC)14660323 aDLCcDNLMdDLC apremarc00aQD415b.J30 aQU 4bJ42p 19471 aJayle, Max-Fernand,d1913-10aPrécis élémentaire de biochimie ... aLons-le-Saunier [France]bDeclume,c1947- av.bill. c38289d38289